Intermediate accounting / (Record no. 852)

MARC details
000 -LEADER
fixed length control field 01410nam a22003257a 4500
001 - CONTROL NUMBER
control field 15004051
005 - DATE AND TIME OF LATEST TRANSACTION
control field 20231120131632.0
008 - FIXED-LENGTH DATA ELEMENTS--GENERAL INFORMATION
fixed length control field 231120b |||||||| |||| 00| 0 eng d
010 ## - LIBRARY OF CONGRESS CONTROL NUMBER
LC control number 2007299130
020 ## - INTERNATIONAL STANDARD BOOK NUMBER
International Standard Book Number 9780073215426 (hbk.)
020 ## - INTERNATIONAL STANDARD BOOK NUMBER
International Standard Book Number 0073215422 (hbk.)
040 ## - CATALOGING SOURCE
Original cataloging agency DLC
Transcribing agency KMU
Modifying agency KMU
Description conventions rda
050 00 - LIBRARY OF CONGRESS CALL NUMBER
Classification number HF 5635
100 1# - MAIN ENTRY--PERSONAL NAME
Personal name Spiceland, J. David,
Dates associated with a name 1949-
245 10 - TITLE STATEMENT
Title Intermediate accounting /
Statement of responsibility, etc. J. David Spiceland, James F. Sepe, Lawrence A. Tomassini.
250 ## - EDITION STATEMENT
Edition statement Rev. 4th ed., with revised chapter 17 for SFAS 158.
260 ## - PUBLICATION, DISTRIBUTION, ETC.
Place of publication, distribution, etc. Boston :
Name of publisher, distributor, etc. McGraw-Hill/Irwin,
Date of publication, distribution, etc. c2007.
300 ## - PHYSICAL DESCRIPTION
Extent xxxviii, 1202 [6] p. :
Other physical details ill. (some col.) ;
Dimensions 29 cm.
500 ## - GENERAL NOTE
General note "Includes revised chapter 17 on pensions and other postretirement benefits incorporating SFAS 158"--Cover.
504 ## - BIBLIOGRAPHY, ETC. NOTE
Bibliography, etc. note Includes bibliographical references and indexes.
650 #0 - SUBJECT ADDED ENTRY--TOPICAL TERM
Topical term or geographic name entry element Accounting.
700 1# - ADDED ENTRY--PERSONAL NAME
Personal name Sepe, James F.
700 1# - ADDED ENTRY--PERSONAL NAME
Personal name Tomassini, Lawrence A.
856 42 - ELECTRONIC LOCATION AND ACCESS
Materials specified Contributor biographical information
Uniform Resource Identifier <a href="http://www.loc.gov/catdir/enhancements/fy0804/2007299130-b.html">http://www.loc.gov/catdir/enhancements/fy0804/2007299130-b.html</a>
856 42 - ELECTRONIC LOCATION AND ACCESS
Materials specified Publisher description
Uniform Resource Identifier <a href="http://www.loc.gov/catdir/enhancements/fy0804/2007299130-d.html">http://www.loc.gov/catdir/enhancements/fy0804/2007299130-d.html</a>
856 41 - ELECTRONIC LOCATION AND ACCESS
Materials specified Table of contents only
Uniform Resource Identifier <a href="http://www.loc.gov/catdir/enhancements/fy0804/2007299130-t.html">http://www.loc.gov/catdir/enhancements/fy0804/2007299130-t.html</a>
906 ## - LOCAL DATA ELEMENT F, LDF (RLIN)
a 7
b cbc
c origres
d 3
e ncip
f 20
g y-gencatlg
942 ## - ADDED ENTRY ELEMENTS (KOHA)
Source of classification or shelving scheme Library of Congress Classification
Koha item type Non-Fiction
Suppress in OPAC No
Holdings
Withdrawn status Lost status Source of classification or shelving scheme Damaged status Not for loan Collection Home library Current library Shelving location Date acquired Source of acquisition Total Checkouts Full call number Barcode Date last seen Price effective from Koha item type
    Library of Congress Classification     Non-fiction Kapasa Makasa University Kapasa Makasa University Open Access 20.11.2023 Book Aid International   HF 5635 Spi 747883 20.11.2023 20.11.2023 Non-Fiction
    Library of Congress Classification     Non-fiction Kapasa Makasa University Kapasa Makasa University Open Access 20.11.2023 Book Aid International   HF 5635 Spi 747882 20.11.2023 20.11.2023 Non-Fiction
    Library of Congress Classification     Non-fiction Kapasa Makasa University Kapasa Makasa University Open Access 20.11.2023 Book Aid International   HF 5635 Spi 747755 20.11.2023 20.11.2023 Non-Fiction
    Library of Congress Classification     Non-fiction Kapasa Makasa University Kapasa Makasa University Open Access 20.11.2023 Book Aid International   HF 5635 Spi 747881 20.11.2023 20.11.2023 Non-Fiction
    Library of Congress Classification     Non-fiction Kapasa Makasa University Kapasa Makasa University Open Access 20.11.2023 Book Aid International   HF 5635 Spi 747756 20.11.2023 20.11.2023 Non-Fiction